000 00482nam a2200181Ia 4500
001 8229
005 20260306160553.0
008 260306t2011||||xx |||||||||||||| ||spa||
041 _aESP
082 _a370.15
_bR93
100 _aRuiz, Esther
_eAUT
245 0 _aMúsica y logopedia:
_bintervención en dislalias y disfonías aplicando un programa de música
260 _c2011
300 _a104 páginas :
_c24 cm.
650 _aGEN
654 _aCED
942 _cLIB
_dJUS
_fJUS
_2ddc
_n
999 _c8229
_d8229